| 000 | 004480000a22001810004500 | ||
|---|---|---|---|
| 003 | MACL | ||
| 005 | 20150708132417.0 | ||
| 008 | 150708b xxu||||| |||| 00| 0 eng d | ||
| 040 |
_aMACL _cMACL |
||
| 041 | _aEnglish | ||
| 082 | _a305.4/BOD | ||
| 100 |
_aBodra, Gomati _91413 |
||
| 245 | _aEmpowerment of Tribal Women | ||
| 260 |
_bMohit Publications _c2008 _aNew Delhi |
||
| 350 | _a775 | ||
| 650 |
_aSociology _919 |
||
| 942 |
_cBK _k305.4/BOD _2ddc |
||
| 999 |
_c42056 _d42056 |
||